| 000 -LEADER |
| fixed length control field |
01015cam a22002057a 4500 |
| 020 ## - INTERNATIONAL STANDARD BOOK NUMBER |
| ISBN |
9789251060148 |
| 020 ## - INTERNATIONAL STANDARD BOOK NUMBER |
| ISBN |
9251060142 |
| 040 ## - CATALOGING SOURCE |
| Transcribing agency |
AU@ |
| 082 ## - DEWEY DECIMAL CLASSIFICATION NUMBER |
| Classification number |
614 FOO 2008 A053 Or. |
| 245 00 - TITLE STATEMENT |
| Title |
Standardizing land cover mapping for tsetse and trypanosomiasis decision making / |
| 260 ## - PUBLICATION, DISTRIBUTION, ETC. (IMPRINT) |
| Place of publication |
Rome : |
| Name of publisher |
Food and Agriculture Organization of the United Nations, |
| Year of publication |
2008. |
| 300 ## - PHYSICAL DESCRIPTION |
| Number of Pages |
ix, 93 p. : |
| Other physical details |
ill. (some col.), col. maps ; |
| Dimensions |
25 cm. |
| 520 ## - SUMMARY, ETC. |
| Summary, etc |
The habitat of tsetse fly depends upon climatic conditions, host availability and land cover characteristics. In this paper, the Land Cover Classification System, developed by FAO and UNEP, is proposed as a tool for harmonizing cover mapping to support tsetse and trypanosomiasis intervention, research and control. --Publisher's description. |
| 650 #0 - SUBJECT ADDED ENTRY--TOPICAL TERM |
| Topical Term |
Medical mapping |
| 650 #0 - SUBJECT ADDED ENTRY--TOPICAL TERM |
| Topical Term |
Flies as carriers of disease. |
| 650 #0 - SUBJECT ADDED ENTRY--TOPICAL TERM |
| Topical Term |
Trypanosomiasis. |
| 700 1# - ADDED ENTRY--PERSONAL NAME |
| Personal name |
Cecchi, Giuliano. |
| 856 11 - ELECTRONIC LOCATION AND ACCESS |
| Uniform Resource Identifier |
ftp://ftp.fao.org/docrep/fao/010/i0215e/i0215e00.pdf |
| 942 ## - ADDED ENTRY ELEMENTS (KOHA) |
| Koha item type |
សៀវភៅភាសាអង់គ្លេស |
| 952 ## - LOCATION AND ITEM INFORMATION (KOHA) |
| Withdrawn status [LOCAL, KOHA] |
0 |